000 00634nam a22002537a 4500
003 UA-OsUOA
001 26204
007 ta
008 20040520b un ||||| |||| 00| 0 ukr d
100 _aДанко П.Е.
090 _a512.5(076)
_bД17
942 _cBK
040 _aUA-OsUOA
_brus
_cUA-OsUOA
_dUA-OsUOA
245 _aВысшая математика в упражнениях и задачах
300 _a288 с.
955 _a0
041 _arus
080 _a512.5(076)
260 _aМосква
_bВысшая школа
_c1971
044 _aRU
250 _nЧасть 3
650 7 _2UDC
999 _c312520
_d312520